000 00454nam a22001577a 4500
005 20251108164151.0
008 250721s2001 xx 000 0 ara d
082 1 4 _a615/عمي
100 1 _aعميرة، إسراء
245 1 0 _aالوجيز في علم العقاقير :
_bالنظري و العملي /
264 1 _aعمان :
_bدار يافا،
_c2001.
300 _aج
650 1 7 _aعلم العقاقير
942 _2ddc
_cBK
999 _c5331
_d5331